G105经过的县级行政区 - Statistics

General Stats
  • This quiz has been taken 12 times
  • The average score is 76 of 88
Answers on the Map
Answers color-coded by a green-red scale on the quiz's map according to % correct below.
 
Answer Stats
省级行政区 地级行政区 县级行政区 % Correct
北京市 东城区
100%
北京市 丰台区
100%
河北省 廊坊市 广阳区
100%
河北省 廊坊市 安次区
100%
河北省 廊坊市 永清县
100%
河北省 廊坊市 霸州市
100%
河北省 沧州市 沧县
100%
河北省 沧州市 南皮县
100%
北京市 大兴区
92%
河北省 廊坊市 文安县
92%
河北省 沧州市 河间市
92%
河北省 沧州市 泊头市
92%
河北省 沧州市 东光县
92%
河北省 沧州市 吴桥县
92%
山东省 德州市 德城区
92%
山东省 德州市 平原县
92%
山东省 德州市 夏津县
92%
山东省 济宁市 汶上县
92%
山东省 济宁市 任城区
92%
安徽省 阜阳市 颍上县
92%
安徽省 六安市 霍邱县
92%
安徽省 安庆市 太湖县
92%
湖北省 黄冈市 黄梅县
92%
江西省 九江市 柴桑区
92%
江西省 九江市 庐山市
92%
江西省 九江市 共青城市
92%
江西省 南昌市 新建区
92%
江西省 南昌市 红谷滩区
92%
江西省 南昌市 东湖区
92%
江西省 南昌市 西湖区
92%
江西省 南昌市 南昌县
92%
江西省 宜春市 丰城市
92%
江西省 宜春市 樟树市
92%
江西省 赣州市 赣县区
92%
江西省 赣州市 章贡区
92%
江西省 赣州市 龙南市
92%
广东省 广州市 从化区
92%
广东省 广州市 白云区
92%
广东省 广州市 越秀区
92%
广东省 广州市 天河区
92%
广东省 广州市 海珠区
92%
广东省 广州市 番禺区
92%
广东省 佛山市 顺德区
92%
广东省 中山市 中山市
92%
广东省 珠海市 香洲区
92%
河北省 廊坊市 大城县
83%
山东省 德州市 武城县
83%
山东省 聊城市 茌平区
83%
山东省 济宁市 嘉祥县
83%
山东省 济宁市 金乡县
83%
山东省 菏泽市 曹县
83%
河南省 商丘市 睢阳区
83%
安徽省 阜阳市 太和县
83%
安徽省 阜阳市 颍泉区
83%
安徽省 六安市 叶集区
83%
安徽省 六安市 裕安区
83%
安徽省 六安市 霍山县
83%
安徽省 六安市 金安区
83%
安徽省 六安市 舒城县
83%
安徽省 安庆市 潜山市
83%
安徽省 安庆市 宿松县
83%
江西省 九江市 浔阳区
83%
江西省 九江市 濂溪区
83%
江西省 九江市 永修县
83%
江西省 南昌市 青云谱区
83%
江西省 吉安市 吉水县
83%
江西省 吉安市 吉安县
83%
广东省 韶关市 新丰县
83%
山东省 聊城市 高唐县
75%
山东省 聊城市 东阿县
75%
山东省 泰安市 东平县
75%
山东省 菏泽市 单县
75%
河南省 商丘市 梁园区
75%
安徽省 亳州市 谯城区
75%
安徽省 阜阳市 颍州区
75%
安徽省 安庆市 岳西县
75%
江西省 九江市 德安县
75%
江西省 南昌市 安义县
75%
江西省 吉安市 新干县
75%
江西省 吉安市 峡江县
75%
江西省 吉安市 青原区
75%
江西省 吉安市 泰和县
75%
江西省 吉安市 万安县
75%
江西省 赣州市 南康区
75%
江西省 赣州市 信丰县
75%
广东省 河源市 连平县
75%
山东省 济南市 平阴县
67%
江西省 吉安市 遂川县
67%
No matching quizzes found
Score Distribution
Percent of People with Each Score
Percentile by Number Answered
Your Score History
You have not taken this quiz